[Event "B5 Gruppe 1"]
[Site "Koge"]
[Date "2004.??.??"]
[Round "1"]
[White "Hansen, Aksel"]
[Black "Christensen, Rene B"]
[Result "0-1"]
[WhiteElo "1792"]
[BlackElo "1848"]
[PlyCount "33"]
[EventDate "2004.04.08"]
[EventType "swiss"]
[EventRounds "5"]
[EventCountry "DEN"]

1. d4 Nf6 2. Nf3 g6 3. g3 Bg7 4. Bg2 d5 5. O-O O-O 6. c4 c6 7. cxd5 cxd5 8. Nc3
Nc6 9. Ne5 h6 10. e4 Nxe5 11. dxe5 Ng4 12. exd5 Nxe5 13. Re1 Bg4 14. f3 Bf5 15.
Bxh6 Nd3 16. Bxg7 Qb6+ 17. Kh1 0-1

[Event "B5 Gruppe 1"]
[Site "Koge"]
[Date "2004.??.??"]
[Round "1"]
[White "Agger, Lars Breinholt"]
[Black "Petersen, Per F"]
[Result "0-1"]
[WhiteElo "1785"]
[BlackElo "1886"]
[PlyCount "52"]
[EventDate "2004.04.08"]
[EventType "swiss"]
[EventRounds "5"]
[EventCountry "DEN"]

1. e4 c5 2. Nf3 d6 3. d4 cxd4 4. Nxd4 Nf6 5. Nc3 g6 6. f3 Bg7 7. Be3 Nc6 8. Qd2
O-O 9. O-O-O d5 10. Nxc6 bxc6 11. e5 Nd7 12. f4 e6 13. g4 Qa5 14. Kb1 Re8 15.
h4 Bf8 16. Qh2 Rb8 17. Bd2 Bb4 18. Qh3 Nc5 19. h5 g5 20. fxg5 d4 21. g6 Bxc3
22. gxf7+ Kxf7 23. Qf3+ Kg8 24. Bxc3 dxc3 25. Qf6 Rxb2+ 26. Kc1 Rb1+ 0-1

[Event "B5 Gruppe 1"]
[Site "Koge"]
[Date "2004.??.??"]
[Round "1"]
[White "Hansen, Max Erik"]
[Black "Brandt, Klaus"]
[Result "0-1"]
[WhiteElo "1847"]
[BlackElo "1799"]
[PlyCount "64"]
[EventDate "2004.04.08"]
[EventType "swiss"]
[EventRounds "5"]
[EventCountry "DEN"]

1. d4 d5 2. Nc3 c5 3. Bf4 Nc6 4. e3 a6 5. Nf3 e6 6. dxc5 Bxc5 7. Bd3 Nf6 8. O-O
O-O 9. Ne5 Nxe5 10. Bxe5 b5 11. Qf3 Be7 12. Ne2 Bb7 13. Qh3 h6 14. f4 Ne4 15.
Bxe4 dxe4 16. Rad1 Qb6 17. Bd4 Bc5 18. f5 Bxd4 19. exd4 exf5 20. Qxf5 Rad8 21.
c3 Rd5 22. Qf4 Rg5 23. Ng3 Qg6 24. Rf2 Re8 25. Re1 Bd5 26. a3 Re6 27. Qe3 h5
28. Ne2 Rf6 29. Ref1 Rf3 30. Nf4 Rxe3 31. Nxg6 fxg6 32. Rf8+ Kh7 0-1

[Event "B5 Gruppe 1"]
[Site "Koge"]
[Date "2004.??.??"]
[Round "1"]
[White "Strachan, Christian C"]
[Black "Hansen, Erik Olsgaard"]
[Result "1-0"]
[WhiteElo "1888"]
[BlackElo "1846"]
[PlyCount "57"]
[EventDate "2004.04.08"]
[EventType "swiss"]
[EventRounds "5"]
[EventCountry "DEN"]

1. e4 c6 2. d4 d5 3. e5 Bf5 4. Nc3 e6 5. g4 Bg6 6. Nge2 c5 7. h4 h6 8. Be3 c4
9. Bg2 Nc6 10. h5 Bh7 11. f4 Be7 12. O-O Qb6 13. Qd2 Qxb2 14. f5 Nb4 15. a3
Qxc2 16. axb4 Qxd2 17. Bxd2 Bxb4 18. Nxd5 Bxd2 19. Nc7+ Kd7 20. Nxa8 Ne7 21.
Rxa7 Nd5 22. Bxd5 exd5 23. Rxb7+ Kc6 24. Rc7+ Kb5 25. Rb1+ Bb4 26. Nc3+ Ka6 27.
Rxb4 Rxa8 28. Ra4+ Kb6 29. Nxd5+ 1-0

[Event "B5 Gruppe 1"]
[Site "Koge"]
[Date "2004.??.??"]
[Round "1"]
[White "Olesen, Michael"]
[Black "Madsen, Morten"]
[Result "0-1"]
[WhiteElo "1831"]
[BlackElo "1885"]
[PlyCount "90"]
[EventDate "2004.04.08"]
[EventType "swiss"]
[EventRounds "5"]
[EventCountry "DEN"]

1. Nf3 Nf6 2. d4 g6 3. g3 Bg7 4. Bg2 O-O 5. O-O d5 6. c4 c6 7. cxd5 Nxd5 8. e4
Nb6 9. Nc3 Bg4 10. Be3 N8d7 11. Qb3 e5 12. d5 Bxf3 13. Bxf3 c5 14. a4 a5 15.
Nb5 Nc8 16. d6 b6 17. Qd5 Rb8 18. Rfd1 Kh8 19. Nc7 Nf6 20. Qxe5 Ne8 21. Qd5
Nexd6 22. Qc6 Qe7 23. Bf4 Bxb2 24. Rab1 Be5 25. Nd5 Qe8 26. Qxe8 Rxe8 27. Bxe5+
Rxe5 28. Nxb6 Rxb6 29. Rxb6 Nxb6 30. Rxd6 Nxa4 31. Rd5 Rxd5 32. exd5 Kg8 33.
Kf1 Kf8 34. Ke2 Ke7 35. Kd3 Nb6 36. Bd1 Kd6 37. Bb3 f6 38. Ke4 Nd7 39. g4 Nb6
40. h4 a4 41. Ba2 a3 42. f4 c4 43. f5 gxf5+ 44. gxf5 Nxd5 45. Bxc4 Nb4 0-1

[Event "B5 Gruppe 1"]
[Site "Koge"]
[Date "2004.??.??"]
[Round "1"]
[White "Andreasen, Bjarke"]
[Black "Rasmussen, Morten Fredsgaard"]
[Result "1/2-1/2"]
[WhiteElo "1874"]
[BlackElo "1768"]
[PlyCount "83"]
[EventDate "2004.04.08"]
[EventType "swiss"]
[EventRounds "5"]
[EventCountry "DEN"]

1. d4 d5 2. c4 c6 3. Nf3 Nf6 4. g3 e6 5. Bg2 Nbd7 6. O-O Be7 7. Qc2 O-O 8. b3
Re8 9. Nc3 Bd6 10. Rd1 b6 11. e4 dxe4 12. Nxe4 Nxe4 13. Qxe4 Bb7 14. Bb2 Nf8
15. Qc2 Qe7 16. Rac1 c5 17. dxc5 Bxc5 18. h4 h6 19. Ne5 Bxg2 20. Kxg2 Rad8 21.
f3 Qb7 22. a3 Bd6 23. Rd3 Qc7 24. Rcd1 Be7 25. g4 Rxd3 26. Rxd3 Rd8 27. Rxd8
Bxd8 28. g5 hxg5 29. hxg5 Nd7 30. Qd2 Nxe5 31. Bxe5 Qxe5 32. Qxd8+ Kh7 33. Qd3+
Kg8 34. Qd8+ Kh7 35. Qd3+ Kg8 36. g6 Qg5+ 37. Kf2 fxg6 38. b4 Kf8 39. Qd6+ Qe7
40. Qf4+ Ke8 41. Qe4 Kf7 42. Qf4+ 1/2-1/2

[Event "B5 Gruppe 1"]
[Site "Koge"]
[Date "2004.??.??"]
[Round "1"]
[White "Schoning, Lars"]
[Black "Thestrup, Sixten"]
[Result "1-0"]
[WhiteElo "1788"]
[BlackElo "1787"]
[PlyCount "141"]
[EventDate "2004.04.08"]
[EventType "swiss"]
[EventRounds "5"]
[EventCountry "DEN"]

1. d4 f5 2. Qd3 g6 3. g4 fxg4 4. h3 d5 5. hxg4 Bxg4 6. Bh3 Bxh3 7. Nxh3 Qd7 8.
Nf4 Bh6 9. Nc3 Bxf4 10. Bxf4 Nf6 11. O-O-O Na6 12. Nb5 c6 13. Nc3 O-O-O 14. Kb1
Nc7 15. f3 Nh5 16. Be5 Rhf8 17. Na4 b6 18. Qb3 Ne6 19. Rd3 Nef4 20. Re3 Rf7 21.
Qb4 Qb7 22. Rb3 Rd7 23. e3 Ne6 24. f4 Ng3 25. Rd1 Ne4 26. c4 Nf2 27. Rc1 Ng4
28. cxd5 Rxd5 29. e4 Rb5 30. Qxb5 Nxe5 31. fxe5 Nxd4 32. Qc4 Nxb3 33. Qxf7 Nd2+
34. Ka1 Nxe4 35. Qe8+ Kc7 36. Qxe7+ Kb8 37. Qd8+ Qc8 38. Qxc8+ Kxc8 39. Rxc6+
Kd7 40. Rc1 h5 41. Nc3 Ng3 42. Nd5 Ke6 43. Nf4+ Kf5 44. e6 Ne4 45. e7 Nd6 46.
Rd1 Ne8 47. Rd8 Nf6 48. Nxg6 Kxg6 49. e8=Q+ Nxe8 50. Rxe8 h4 51. a4 Kg5 52. Ka2
h3 53. Kb3 Kg4 54. Kb4 a6 55. a5 b5 56. Kc5 h2 57. Rh8 Kg3 58. b4 Kg2 59. Kb6
h1=B 60. Rxh1 Kxh1 61. Kxa6 Kg2 62. Kxb5 Kf3 63. Kc5 Ke4 64. b5 Ke5 65. b6 Ke6
66. Kc6 Ke5 67. b7 Kd4 68. a6 Kc4 69. a7 Kd4 70. a8=Q Kc4 71. b8=Q 1-0

[Event "B5 Gruppe 1"]
[Site "Koge"]
[Date "2004.??.??"]
[Round "1"]
[White "Werner, Gert"]
[Black "Hansen, Erik Svaerke"]
[Result "1-0"]
[WhiteElo "1878"]
[BlackElo "1791"]
[PlyCount "155"]
[EventDate "2004.04.08"]
[EventType "swiss"]
[EventRounds "5"]
[EventCountry "DEN"]

1. Nf3 Nf6 2. g3 b6 3. Bg2 Bb7 4. O-O e6 5. c4 Be7 6. b3 O-O 7. Bb2 d5 8. d4
Nbd7 9. Ne5 c5 10. e3 Qc7 11. Nd2 Rad8 12. Rc1 Nxe5 13. dxe5 Nd7 14. cxd5 exd5
15. f4 Rfe8 16. Nf3 f5 17. b4 Nf8 18. bxc5 Bxc5 19. Bd4 Ne6 20. Qd3 g6 21. Rf2
Qe7 22. Bxc5 Nxc5 23. Qa3 Ne4 24. Qxe7 Rxe7 25. Rfc2 Nc5 26. Bf1 Bc6 27. Nd4
Be8 28. Bb5 Bxb5 29. Nxb5 Kf7 30. Nd6+ Ke6 31. Kf1 Rxd6 32. exd6 Kxd6 33. Rc3
Ke6 34. Rd1 Rd7 35. Ke2 Kd6 36. Rb1 Ke6 37. Rb4 Kd6 38. Rc1 Rc7 39. a4 Na6 40.
Rxc7 Nxc7 41. Rb2 Ne6 42. a5 Kc6 43. axb6 axb6 44. Kd3 Kc7 45. Kc3 Kc6 46. Ra2
Kb7 47. Rd2 Kc6 48. Kb4 Nc7 49. Rc2+ Kb7 50. h4 h5 51. Rc1 Ne6 52. Rd1 Kc6 53.
Kc3 Kc5 54. Ra1 d4+ 55. Kd3 dxe3 56. Kxe3 Nc7 57. Rc1+ Kd6 58. Kd4 Ne6+ 59. Kc4
Nc5 60. Rd1+ Ke6 61. Rb1 Ne4 62. Rxb6+ Kf7 63. Kd5 Nxg3 64. Ke5 Kg7 65. Rb7+
Kh6 66. Rd7 Ne2 67. Rc7 Ng3 68. Ke6 Ne2 69. Rc4 Kg7 70. Rb4 Kh7 71. Kf7 Kh6 72.
Kg8 Nxf4 73. Rxf4 g5 74. Rxf5 gxh4 75. Kf7 h3 76. Kf6 h4 77. Rf2 Kh5 78. Kf5
1-0

[Event "B5 Gruppe 1"]
[Site "Koge"]
[Date "2004.??.??"]
[Round "2"]
[White "Thestrup, Sixten"]
[Black "Hansen, Erik Olsgaard"]
[Result "1-0"]
[WhiteElo "1787"]
[BlackElo "1846"]
[PlyCount "59"]
[EventDate "2004.04.08"]
[EventType "swiss"]
[EventRounds "5"]
[EventCountry "DEN"]

1. e4 c6 2. d4 d5 3. exd5 cxd5 4. Bd3 Nc6 5. c3 g6 6. Nf3 Bg4 7. O-O Bg7 8. h3
Bxf3 9. Qxf3 a6 10. Bf4 e6 11. Nd2 Nge7 12. Qe3 O-O 13. Bh6 b5 14. Bxg7 Kxg7
15. f4 Qd6 16. g4 b4 17. Nb3 bxc3 18. bxc3 Ng8 19. Nc5 a5 20. Bb5 Nge7 21. Kh1
Rab8 22. a4 Rfc8 23. Rg1 Rb6 24. Raf1 e5 25. fxe5 Nxe5 26. Qf4 f6 27. dxe5 Qxc5
28. exf6+ Kg8 29. f7+ Kh8 30. Qe5+ 1-0

[Event "B5 Gruppe 1"]
[Site "Koge"]
[Date "2004.??.??"]
[Round "2"]
[White "Petersen, Per F"]
[Black "Schoning, Lars"]
[Result "1-0"]
[WhiteElo "1886"]
[BlackElo "1788"]
[PlyCount "47"]
[EventDate "2004.04.08"]
[EventType "swiss"]
[EventRounds "5"]
[EventCountry "DEN"]

1. c4 Nf6 2. Nc3 e6 3. e4 d6 4. d4 Be7 5. Nf3 c5 6. d5 e5 7. Be2 O-O 8. O-O Ne8
9. Ne1 f5 10. f4 Bf6 11. Bd3 exf4 12. Bxf4 Bd4+ 13. Kh1 fxe4 14. Nxe4 Bxb2 15.
Rb1 Bd4 16. Nc2 Rxf4 17. Rxf4 Be5 18. Rf2 Qh4 19. g3 Qh6 20. Qd2 Qh5 21. Qg5
Qh3 22. Qe7 Nf6 23. Qd8+ Kf7 24. Ng5# 1-0

[Event "B5 Gruppe 1"]
[Site "Koge"]
[Date "2004.??.??"]
[Round "2"]
[White "Madsen, Morten"]
[Black "Werner, Gert"]
[Result "0-1"]
[WhiteElo "1885"]
[BlackElo "1878"]
[PlyCount "72"]
[EventDate "2004.04.08"]
[EventType "swiss"]
[EventRounds "5"]
[EventCountry "DEN"]

1. d4 Nf6 2. c4 e6 3. Nc3 c5 4. d5 exd5 5. cxd5 d6 6. e4 g6 7. Bd3 Bg7 8. Bg5
h6 9. Bh4 a6 10. a4 O-O 11. f4 Qe8 12. Nge2 Nbd7 13. O-O c4 14. Bxc4 Nc5 15.
Bxf6 Bxf6 16. Ng3 Qd8 17. Re1 Re8 18. Kh1 h5 19. Bd3 h4 20. Nf1 g5 21. f5 Bxf5
22. Bxa6 Rxa6 23. exf5 Rxe1 24. Qxe1 Qd7 25. Qf2 Nd3 26. Qd2 Qxf5 27. Ne3 Qg6
28. Rf1 Bxc3 29. Qxc3 Rxa4 30. Qc8+ Kh7 31. Qxb7 Rf4 32. Qb3 Qe4 33. Rxf4 gxf4
34. Nf1 f3 35. Kg1 Qd4+ 36. Kh1 Nf2+ 0-1

[Event "B5 Gruppe 1"]
[Site "Koge"]
[Date "2004.??.??"]
[Round "2"]
[White "Olesen, Michael"]
[Black "Andreasen, Bjarke"]
[Result "1-0"]
[WhiteElo "1831"]
[BlackElo "1874"]
[PlyCount "77"]
[EventDate "2004.04.08"]
[EventType "swiss"]
[EventRounds "5"]
[EventCountry "DEN"]

1. Nf3 d5 2. d4 Nf6 3. g3 e6 4. Bg2 Be7 5. O-O O-O 6. c4 c6 7. Qc2 b6 8. Rd1
Bb7 9. b3 Nbd7 10. Nc3 Rc8 11. e4 dxe4 12. Nxe4 c5 13. Nxf6+ Bxf6 14. Bb2 Qe7
15. Ng5 Bxg5 16. Bxb7 Rc7 17. Bg2 cxd4 18. Rxd4 b5 19. Bf1 Nb6 20. Rad1 g6 21.
Re4 bxc4 22. bxc4 Rfc8 23. Qc3 f6 24. Ba3 Na4 25. Qf3 Nc5 26. Red4 Rb7 27. Rd8+
Rxd8 28. Bxc5 Rxd1 29. Bxe7 Rxf1+ 30. Kxf1 Rxe7 31. Qa8+ Kg7 32. f4 Bh6 33. c5
e5 34. c6 exf4 35. Qb7 Kf7 36. c7 fxg3 37. Qd5+ Re6 38. c8=Q gxh2 39. Qcxe6+
1-0

[Event "B5 Gruppe 1"]
[Site "Koge"]
[Date "2004.??.??"]
[Round "2"]
[White "Brandt, Klaus"]
[Black "Strachan, Christian C"]
[Result "1/2-1/2"]
[WhiteElo "1799"]
[BlackElo "1888"]
[PlyCount "60"]
[EventDate "2004.04.08"]
[EventType "swiss"]
[EventRounds "5"]
[EventCountry "DEN"]

1. d4 Nf6 2. c4 e5 3. dxe5 Ng4 4. Bf4 Bb4+ 5. Nd2 Nc6 6. Ngf3 Qe7 7. a3 Ngxe5
8. Nxe5 Nxe5 9. Bxe5 Bxd2+ 10. Qxd2 Qxe5 11. e3 O-O 12. Be2 Re8 13. O-O d6 14.
Bf3 Rb8 15. Qd4 b6 16. Qxe5 Rxe5 17. Rfd1 Be6 18. Bd5 b5 19. Bxe6 fxe6 20. cxb5
Rbxb5 21. b4 Kf7 22. Rac1 Rb7 23. Rc6 Ke7 24. Rdc1 Kd7 25. Kf1 a5 26. Ke2 axb4
27. axb4 Reb5 28. R1c4 Rxb4 29. Rxc7+ Rxc7 30. Rxb4 Ke7 1/2-1/2

[Event "B5 Gruppe 1"]
[Site "Koge"]
[Date "2004.??.??"]
[Round "2"]
[White "Rasmussen, Morten Fredsgaard"]
[Black "Christensen, Rene B"]
[Result "1/2-1/2"]
[WhiteElo "1768"]
[BlackElo "1848"]
[PlyCount "37"]
[EventDate "2004.04.08"]
[EventType "swiss"]
[EventRounds "5"]
[EventCountry "DEN"]

1. d4 Nf6 2. Nf3 g6 3. c3 Bg7 4. Bf4 d6 5. Nbd2 O-O 6. e4 Nbd7 7. Bd3 c5 8. Qe2
cxd4 9. cxd4 Nb6 10. h3 Be6 11. O-O Rc8 12. b3 Rc7 13. Rac1 Nh5 14. Be3 Qc8 15.
Nb1 Nf6 16. Rxc7 Qxc7 17. Rc1 Qd8 18. Nc3 a6 19. d5 1/2-1/2

[Event "B5 Gruppe 1"]
[Site "Koge"]
[Date "2004.??.??"]
[Round "2"]
[White "Hansen, Erik Svaerke"]
[Black "Hansen, Max Erik"]
[Result "1/2-1/2"]
[WhiteElo "1791"]
[BlackElo "1847"]
[PlyCount "44"]
[EventDate "2004.04.08"]
[EventType "swiss"]
[EventRounds "5"]
[EventCountry "DEN"]

1. d4 Nf6 2. Nf3 d5 3. e3 Bg4 4. Bd3 e6 5. Nbd2 c5 6. b3 cxd4 7. exd4 Nc6 8.
Bb2 Bd6 9. O-O O-O 10. a3 Qc7 11. h3 Bh5 12. Qe1 Bf4 13. Ne5 Nxe5 14. dxe5 Nd7
15. g4 Bg6 16. Nf3 Nc5 17. Bxg6 fxg6 18. Qe2 Ne4 19. c4 Ng5 20. Nxg5 Bxg5 21.
cxd5 exd5 22. Rad1 Rad8 1/2-1/2

[Event "B5 Gruppe 1"]
[Site "Koge"]
[Date "2004.??.??"]
[Round "2"]
[White "Hansen, Aksel"]
[Black "Agger, Lars Breinholt"]
[Result "1/2-1/2"]
[WhiteElo "1792"]
[BlackElo "1785"]
[PlyCount "32"]
[EventDate "2004.04.08"]
[EventType "swiss"]
[EventRounds "5"]
[EventCountry "DEN"]

1. e4 c5 2. Nf3 d6 3. c4 g6 4. Nc3 Bg7 5. g3 Nc6 6. Bg2 Nf6 7. d3 O-O 8. O-O
Rb8 9. d4 cxd4 10. Nxd4 Ng4 11. Nxc6 bxc6 12. Qc2 Bb7 13. h3 Ne5 14. b3 c5 15.
Bb2 Nc6 16. Ne2 Bxb2 1/2-1/2

[Event "B5 Gruppe 1"]
[Site "Koge"]
[Date "2004.??.??"]
[Round "3"]
[White "Madsen, Morten"]
[Black "Strachan, Christian C"]
[Result "1-0"]
[WhiteElo "1885"]
[BlackElo "1888"]
[PlyCount "75"]
[EventDate "2004.04.08"]
[EventType "swiss"]
[EventRounds "5"]
[EventCountry "DEN"]

1. d4 Nf6 2. c4 e5 3. dxe5 Ng4 4. Nf3 Bc5 5. e3 Nc6 6. Be2 Ngxe5 7. Nc3 O-O 8.
O-O Re8 9. a3 a5 10. b3 Nxf3+ 11. Bxf3 Ne5 12. Bb2 Ra6 13. Ne4 Bf8 14. Ng3
Nxf3+ 15. Qxf3 Rg6 16. Rad1 d6 17. Rd4 c6 18. Rf4 Be6 19. h4 Qd7 20. Nf5 d5 21.
Rd1 Qc8 22. Kf1 dxc4 23. bxc4 Rd8 24. g4 Rxd1+ 25. Qxd1 Bxf5 26. Rxf5 Rd6 27.
Qf3 Qe6 28. Rf4 Qg6 29. Kg2 Qe6 30. h5 Rd3 31. Re4 Qd7 32. h6 f6 33. g5 f5 34.
hxg7 Bxg7 35. Bxg7 Kxg7 36. Rf4 Kg6 37. Qh3 Qg7 38. Qxf5+ 1-0

[Event "B5 Gruppe 1"]
[Site "Koge"]
[Date "2004.??.??"]
[Round "3"]
[White "Petersen, Per F"]
[Black "Werner, Gert"]
[Result "1/2-1/2"]
[WhiteElo "1886"]
[BlackElo "1878"]
[PlyCount "57"]
[EventDate "2004.04.08"]
[EventType "swiss"]
[EventRounds "5"]
[EventCountry "DEN"]

1. c4 g6 2. Nc3 Bg7 3. Nf3 e5 4. g3 Nc6 5. Bg2 d6 6. O-O f5 7. d3 Nf6 8. Rb1
O-O 9. b4 h6 10. Qc2 g5 11. e3 Ne7 12. c5 Ng6 13. cxd6 cxd6 14. Nd2 Qe7 15. Nd5
Nxd5 16. Bxd5+ Be6 17. Qb3 Rfe8 18. Bb2 Qf7 19. Bxe6 Qxe6 20. Qxe6+ Rxe6 21.
Rbc1 Ree8 22. Rc7 Rec8 23. Rfc1 Rxc7 24. Rxc7 b5 25. Nb3 Bf8 26. d4 e4 27. Rc6
Rd8 28. Rc7 Ra8 29. Rc6 1/2-1/2

[Event "B5 Gruppe 1"]
[Site "Koge"]
[Date "2004.??.??"]
[Round "3"]
[White "Thestrup, Sixten"]
[Black "Olesen, Michael"]
[Result "0-1"]
[WhiteElo "1787"]
[BlackElo "1831"]
[PlyCount "114"]
[EventDate "2004.04.08"]
[EventType "swiss"]
[EventRounds "5"]
[EventCountry "DEN"]

1. e4 d5 2. exd5 Nf6 3. d4 Nxd5 4. c3 e6 5. Bd3 c5 6. dxc5 Bxc5 7. Qc2 Nc6 8.
Nf3 h6 9. O-O Qc7 10. b4 Bd6 11. Na3 a6 12. Nc4 b5 13. Nxd6+ Qxd6 14. a3 Bb7
15. Bb2 Rc8 16. Rad1 Qb8 17. c4 bxc4 18. Bxc4 O-O 19. Rfe1 Nb6 20. Qc3 e5 21.
Rxe5 Nxc4 22. Rc5 Nxb2 23. Qxb2 Rcd8 24. Rdc1 Qd6 25. h3 Qg6 26. Nh4 Qe4 27.
Nf5 Nd4 28. f3 Qd3 29. Ng3 Rfe8 30. R5c3 Qg6 31. Kh2 Qd6 32. Rd3 Qf4 33. Rc4
Nxf3+ 34. Rxf3 Qxc4 35. Nf5 Qc7+ 36. Rg3 Qe5 37. Qf2 Kf8 38. Nxg7 Rd3 39. Nxe8
Qxg3+ 40. Qxg3 Rxg3 41. Kxg3 Kxe8 42. Kf2 Kd7 43. g3 Kc6 44. Ke3 Kb5 45. Kd4
Ka4 46. Kc5 Bg2 47. h4 Bf1 48. g4 Be2 49. g5 hxg5 50. hxg5 Kxa3 51. Kd4 Kxb4
52. Ke3 Bh5 53. Kd2 Kc4 54. Kc2 Kd4 55. Kb3 Ke4 56. Ka4 Kf5 57. g6 fxg6 0-1

[Event "B5 Gruppe 1"]
[Site "Koge"]
[Date "2004.??.??"]
[Round "3"]
[White "Hansen, Erik Olsgaard"]
[Black "Hansen, Aksel"]
[Result "1/2-1/2"]
[WhiteElo "1846"]
[BlackElo "1792"]
[PlyCount "59"]
[EventDate "2004.04.08"]
[EventType "swiss"]
[EventRounds "5"]
[EventCountry "DEN"]

1. e4 e6 2. d4 c5 3. d5 exd5 4. exd5 d6 5. Nf3 Nf6 6. c4 Be7 7. Bd3 Bg4 8. O-O
O-O 9. Nbd2 Nbd7 10. Qc2 Re8 11. b3 Bh5 12. Bb2 Bg6 13. Bxg6 hxg6 14. Rfe1 Bf8
15. Rxe8 Nxe8 16. Ne4 Nef6 17. Neg5 Nh7 18. Nxh7 Kxh7 19. Qe4 Be7 20. Re1 Bf6
21. Bxf6 Qxf6 22. Qe7 Ne5 23. Qxb7 Re8 24. Nxe5 Rxe5 25. Rxe5 Qxe5 26. g3 Qe1+
27. Kg2 Qe4+ 28. Kg1 Qb1+ 29. Kg2 Qe4+ 30. Kg1 1/2-1/2

[Event "B5 Gruppe 1"]
[Site "Koge"]
[Date "2004.??.??"]
[Round "3"]
[White "Hansen, Erik Svaerke"]
[Black "Andreasen, Bjarke"]
[Result "1-0"]
[WhiteElo "1791"]
[BlackElo "1874"]
[PlyCount "63"]
[EventDate "2004.04.08"]
[EventType "swiss"]
[EventRounds "5"]
[EventCountry "DEN"]

1. d4 d5 2. Nf3 Nf6 3. e3 e6 4. Bd3 Be7 5. Nbd2 O-O 6. b3 Nbd7 7. Bb2 a6 8. O-O
h6 9. Qe2 Ne8 10. e4 f5 11. exf5 exf5 12. Rae1 Bd6 13. c4 Ndf6 14. Ne5 Bxe5 15.
dxe5 dxc4 16. Bxc4+ Nd5 17. Nf3 Be6 18. Nd4 Qe7 19. Ba3 Qf7 20. Bxf8 Kxf8 21.
Nxe6+ Qxe6 22. Bxd5 Qxd5 23. Rd1 Qe6 24. Rd2 Rc8 25. Rfd1 Ke7 26. Rd7+ Qxd7 27.
Rxd7+ Kxd7 28. Qd3+ Ke6 29. f4 c6 30. g4 g6 31. gxf5+ gxf5 32. Qh3 1-0

[Event "B5 Gruppe 1"]
[Site "Koge"]
[Date "2004.??.??"]
[Round "3"]
[White "Christensen, Rene B"]
[Black "Brandt, Klaus"]
[Result "0-1"]
[WhiteElo "1848"]
[BlackElo "1799"]
[PlyCount "50"]
[EventDate "2004.04.08"]
[EventType "swiss"]
[EventRounds "5"]
[EventCountry "DEN"]

1. e4 e6 2. Nf3 d5 3. e5 c5 4. b4 c4 5. a3 a5 6. b5 Qb6 7. d4 Qxb5 8. Nc3 Qc6
9. Rb1 Na6 10. Nb5 Nc7 11. Nxc7+ Qxc7 12. c3 Bd7 13. Be2 b5 14. O-O Ne7 15. Re1
Rb8 16. Qc2 Nc6 17. Bd1 b4 18. axb4 axb4 19. Re3 bxc3 20. Rxb8+ Qxb8 21. Qxc3
Bb4 22. Qc2 O-O 23. Ng5 g6 24. Rh3 Nxd4 25. Nxh7 Qxe5 0-1

[Event "B5 Gruppe 1"]
[Site "Koge"]
[Date "2004.??.??"]
[Round "3"]
[White "Rasmussen, Morten Fredsgaard"]
[Black "Schoning, Lars"]
[Result "1-0"]
[WhiteElo "1768"]
[BlackElo "1788"]
[PlyCount "39"]
[EventDate "2004.04.08"]
[EventType "swiss"]
[EventRounds "5"]
[EventCountry "DEN"]

1. d4 d5 2. Nf3 e6 3. c3 Be7 4. Bf4 Nf6 5. Nbd2 b6 6. e3 Nh5 7. Bg3 O-O 8. Bd3
Ba6 9. c4 g6 10. Rc1 Nd7 11. Qb3 Nxg3 12. hxg3 c5 13. cxd5 Bxd3 14. dxe6 c4 15.
exf7+ Rxf7 16. Nxc4 Bxc4 17. Qxc4 Kg7 18. Rxh7+ Kxh7 19. Qxf7+ Kh8 20. Ke2 1-0

[Event "B5 Gruppe 1"]
[Site "Koge"]
[Date "2004.??.??"]
[Round "3"]
[White "Agger, Lars Breinholt"]
[Black "Hansen, Max Erik"]
[Result "1-0"]
[WhiteElo "1785"]
[BlackElo "1847"]
[PlyCount "123"]
[EventDate "2004.04.08"]
[EventType "swiss"]
[EventRounds "5"]
[EventCountry "DEN"]

1. e4 Nf6 2. e5 Nd5 3. c4 Nb6 4. d4 d6 5. exd6 exd6 6. Bd3 Be7 7. Nf3 Bg4 8.
Be3 Nc6 9. a3 Bf6 10. O-O O-O 11. Nc3 Re8 12. Bc2 Bh5 13. Rc1 Bg6 14. Bxg6 fxg6
15. Qd3 Qd7 16. Ne4 Qf5 17. Nxf6+ Qxf6 18. b4 Ne7 19. d5 Nf5 20. Bg5 Qf7 21. g4
Nh6 22. h3 Nd7 23. Rfe1 Rxe1+ 24. Rxe1 Re8 25. Re3 Nb6 26. Rxe8+ Qxe8 27. Kg2
Nf7 28. Bf4 Nd7 29. Nd4 Nfe5 30. Qe2 Qf7 31. Ne6 c6 32. Qe4 cxd5 33. Qxd5 Nf6
34. Qxd6 Nxc4 35. Qd8+ Qe8 36. a4 Qxd8 37. Nxd8 Nd5 38. Bb8 Nxb4 39. Nxb7 Nc6
40. Bc7 Kf7 41. Nd6+ Nxd6 42. Bxd6 Ke6 43. Bf8 Kf7 44. Bc5 Ke6 45. Kf3 a6 46.
Ke4 Nd8 47. h4 Kd7 48. Kd5 Ne6 49. Be3 Nd8 50. Bf4 Ne6 51. Be5 Nd8 52. Bxg7 Nb7
53. Bd4 Na5 54. f4 Nc6 55. Bf6 Nb4+ 56. Kc4 Nc2 57. Bd4 Ne1 58. Bf6 Ng2 59. Bg5
Ne3+ 60. Kc5 Kc7 61. f5 Nxg4 62. f6 1-0

[Event "B5 Gruppe 1"]
[Site "Koge"]
[Date "2004.??.??"]
[Round "4"]
[White "Andreasen, Bjarke"]
[Black "Thestrup, Sixten"]
[Result "1/2-1/2"]
[WhiteElo "1874"]
[BlackElo "1787"]
[PlyCount "95"]
[EventDate "2004.04.08"]
[EventType "swiss"]
[EventRounds "5"]
[EventCountry "DEN"]

1. e4 d6 2. g3 Nf6 3. Bg2 g6 4. Ne2 Bg7 5. O-O O-O 6. d3 c6 7. c4 Qb6 8. Nbc3
e5 9. h3 a5 10. Be3 Qc7 11. Kh2 Ne8 12. f4 f5 13. Qd2 Be6 14. Rae1 Nd7 15. b3
Kh8 16. exf5 Bxf5 17. d4 Nef6 18. d5 exf4 19. Bxf4 Ne5 20. Nd4 Nd3 21. Nxf5
Nxe1 22. Bxd6 Qd7 23. Bxf8 Bxf8 24. Qxe1 gxf5 25. dxc6 bxc6 26. Qe5 Bg7 27.
Qxf5 Qd2 28. Ne4 Nxe4 29. Qxe4 Qxa2 30. Qxc6 Rg8 31. Qa4 Qd2 32. Rf3 Qe1 33. c5
Qd1 34. Qc4 Bd4 35. Qf1 Qxf1 36. Bxf1 Bxc5 37. Bc4 Rf8 38. Kg2 Rxf3 39. Kxf3
Kg7 40. Ke4 h6 41. Kf5 Bb4 42. g4 Bc3 43. h4 Bb4 44. h5 Bc3 45. g5 hxg5 46.
Kxg5 Bd2+ 47. Kg4 Kh6 48. Kh4 1/2-1/2

[Event "B5 Gruppe 1"]
[Site "Koge"]
[Date "2004.??.??"]
[Round "4"]
[White "Olesen, Michael"]
[Black "Rasmussen, Morten Fredsgaard"]
[Result "0-1"]
[WhiteElo "1831"]
[BlackElo "1768"]
[PlyCount "74"]
[EventDate "2004.04.08"]
[EventType "swiss"]
[EventRounds "5"]
[EventCountry "DEN"]

1. Nf3 d5 2. d4 c6 3. c4 Nf6 4. g3 Nbd7 5. b3 dxc4 6. bxc4 Ne4 7. Bg2 Qa5+ 8.
Nfd2 Ndf6 9. Bb2 Bf5 10. O-O Nxd2 11. Nxd2 e6 12. e4 Bg6 13. e5 Nd7 14. Ne4 Rd8
15. Qb3 Qc7 16. Ba3 Bxa3 17. Qxa3 Bxe4 18. Bxe4 Nb6 19. Qc5 Qe7 20. Qxe7+ Kxe7
21. c5 Rxd4 22. Bxc6 bxc6 23. cxb6 axb6 24. Rfc1 Kd7 25. Rc2 Rd8 26. Rb1 Kc7
27. Rbb2 c5 28. Kg2 Kc6 29. f4 b5 30. Kf3 c4 31. Ke2 Kc5 32. Rc1 b4 33. Rbc2 c3
34. a3 Rd2+ 35. Ke1 Rxc2 36. Rxc2 Kc4 37. axb4 Kb3 0-1

[Event "B5 Gruppe 1"]
[Site "Koge"]
[Date "2004.??.??"]
[Round "4"]
[White "Madsen, Morten"]
[Black "Petersen, Per F"]
[Result "0-1"]
[WhiteElo "1885"]
[BlackElo "1886"]
[PlyCount "60"]
[EventDate "2004.04.08"]
[EventType "swiss"]
[EventRounds "5"]
[EventCountry "DEN"]

1. d4 e6 2. c4 d5 3. Nc3 c6 4. cxd5 exd5 5. Qc2 f5 6. Nf3 Be7 7. Bf4 Nf6 8. e3
O-O 9. Bd3 Ne4 10. Ne5 Be6 11. O-O-O Na6 12. a3 c5 13. dxc5 Naxc5 14. Bc4 Nxc3
15. Qxc3 Ne4 16. Qe1 Qc8 17. f3 Nd6 18. Kb1 Nxc4 19. Rc1 Qe8 20. g4 Nxe5 21.
Bxe5 Bf6 22. Bxf6 Rxf6 23. gxf5 Bxf5+ 24. Ka1 Rc8 25. Rd1 Qf7 26. Qa5 Ra6 27.
Qb5 Be6 28. e4 dxe4 29. fxe4 Qc7 30. Rhg1 g6 0-1